Ralli - Statistics

Yleistilastot
  • Tätä visaa on pelattu 41 kertaa
  • Keskiarvotulos 19 / 27
Vastaustilastot
Vuodet Kuljettaja % Oikein
2000-2005 Marcus Grönholm
91%
2005-2010 Marcus Grönholm
91%
2015-2020 Ott Tänak
88%
2010-2015 Sebastien Ogier
88%
2015-2020 Sebastien Ogier
88%
2000-2005 Sebastien Loeb
85%
2005-2010 Sebastien Loeb
85%
2010-2015 Sebastien Loeb
85%
2010-2015 Jari-Matti Latvala
79%
1985-1990 Juha Kankkunen
79%
1990-1995 Juha Kankkunen
79%
1995-2000 Tommi Mäkinen
79%
2005-2010 Mikko Hirvonen
70%
1975-1980 Markku Alén
67%
1980-1985 Markku Alén
67%
1985-1990 Markku Alén
67%
2015-2020 Thierry Neuville
67%
1975-1980 Hannu Mikkola
64%
1980-1985 Ari Vatanen
61%
1990-1995 Carlos Sainz
61%
1995-2000 Carlos Sainz
61%
1990-1995 Colin McRae
61%
1995-2000 Colin McRae
61%
2000-2005 Petter Solberg
55%
1985-1990 Miki Biasion
39%
1975-1980 Sandro Munari
24%
1980-1985 Walter Röhrl
24%
Ehtoja vastaavia visoja ei löytynyt
Tulosjakauma
Jokaisen tuloksen saaneiden osuus
Persentiili vastausten määrän mukaan
Tuloshistoriasi
Et ole pelannut tätä visaa